علم النفس الإكلينيكى / (Record no. 15770)
[ view plain ]
| 000 -الفاتح | |
|---|---|
| حقل البيانات ثابتة الطول | 00744nam a22001817a 4500 |
| 008 - عناصر البيانات ثابتة الطول - معلومات عامة | |
| حقل البيانات ثابتة الطول | 110801t1989 xxu||||g |||| 00| 0 ara d |
| 082 ## - رقم تصنيف ديوى العشرى | |
| رقم الطبعة | 22 |
| رقم المادة | ر و ت |
| رقم التصنيف | 150 |
| 100 ## - المدخل الرئيسى - إسم شخصى | |
| 9 (RLIN) | 26522 |
| الإسم الشخصى | روتر،جوليان |
| 245 ## - بيان العنوان | |
| العنوان | علم النفس الإكلينيكى / |
| بيان المسئوليه,etc | تأليف جوليان روتر؛ترجمة عطية محمود هنا |
| 260 ## - PUBLICATION, DISTRIBUTION, ETC. (IMPRINT) | |
| مكان الناشر او الموزع | القاهرة: |
| اسم الناشر او الموزع | دار الشروق،1989. |
| تاريخ النشر أو التوزيع | 1989. |
| 300 ## - الوصف المادى | |
| التعداد | 203ص، |
| أبعاد الوعاء | 24سم. |
| 490 ## - بيان السلسلة | |
| -- | 16554 |
| عنوان السلسلة | مكتبة أصول علم النفس الحديث |
| 650 ## - المدخل الاضافى بالموضوع-مصطلح موضوعى | |
| 9 (RLIN) | 26523 |
| مصطلح موضوعي أو اسم جغرافي كعنصر مدخل | علم النفس التطبيقى |
| 653 ## - مصطلح تكشيفى غير مقيد | |
| Resource For college | |
| Arrived date list | August2011 |
| 700 ## - المدخل الاضافى - اسم شخصى | |
| 9 (RLIN) | 26524 |
| الإسم الشخصى | هنا،عطية محمود |
| العنوان والكلمات الأخرى المصاحبة للاسم | مترجم |
| 700 ## - المدخل الاضافى - اسم شخصى | |
| 9 (RLIN) | 26525 |
| الإسم الشخصى | نجاتى،محمد عثمان |
| العنوان والكلمات الأخرى المصاحبة للاسم | مراجع |
| 942 ## - عناصر المدخل الإضافي( كوها) | |
| مصدر التصنيف او مخطط الترفيف | Dewey Decimal Classification |
| Koha [default] item type | Book - Borrowing |
| حالة التراجع | حالة الفقد | مصدر التصنيف او خطة الترفيف | حالة تلف | ليس للاعارة | مجموعات كوها | المكان الدائم | المكان الحالي | موقع الترفيف | تاريخ الاكتساب | Source of acquisition | رقم الاستدعاء | الباركود | Date last seen | مُعار | نوع الوعاء |
|---|---|---|---|---|---|---|---|---|---|---|---|---|---|---|---|
| Dewey Decimal Classification | Central Library | Central Library | Lower Floor | 02/08/2011 | Donation | 150 ر و ت | 000023033 | 15/07/2025 | 29/09/2014 | Book - Borrowing |